00769nam a2200205 i 450000100060000000300090000600500170001500700030003200800410003510000290007624501180010525000120022326000420023530000460027770000320032370000360035585200330039199900170042495201220044177063ES-MaACL20230906173058.0t|041006s1977 mx ||||1| spa d1 aGuyton, Arthur C.96127910aTratado de Fisiología médica / cArthur C. Guyton ; traducido por Alberto Folch y Pi, Roberto Espinosa Zarza. a5ª ed. aMéxico : bInteramericana, c[1977] aXXX, 1159 p., 6 lám. : bil. ; c26 cm.1 aFolch i Pi, Alberto.9514521 aEspinosa Zarza, Roberto.947924 aES-MaACLjA-10824 bR.100129 c77063d77063 00104070aATENEOMbATENEOMcDEPO1d2008-01-17eSCl0oA-10824p1080632r2023-02-23 00:00:00w2023-02-23yMONOGRAFIA